000 01011nam a2200313 c 4500
001 a7195110
003 SpMaBN
005 20230110180029.0
008 221125s2022 sp a | |||| 000 1 spa
015 _aMON22
017 _aM 18674-2022
_bOficina Depósito Legal Madrid
020 _a9788419472090
040 _aSpMaBN
_bspa
_cSpMaBN
_erda
080 _a087.5:82
100 1 _aAlonso, Ana
_d1970-
_eautor
_965229
245 1 0 _aDescubrir El principito
_cadaptación de Ana Alonso
250 _aPrimera edición: octubre de 2022
264 1 _aMadrid
_bLa esfera azul,
_c[2022]
264 4 _c©2022
300 _a67 páginas
_bilustraciones (color)
_c22 cm
336 _aTexto
_aImagen fija
_2rdacontent
337 _asin mediación
_2rdamedia
338 _avolumen
_2rdacarrier
655 7 _aLibros infantiles
_2tgfbne
_965230
655 7 _aLibros ilustrados
_2tgfbne
_965231
700 1 _iBasada en (obra)
_aSaint-Exupéry, Antoine de
_d1900-1944
_tLe petit prince
_965232
942 _2ddc
_cBK
956 _a2
999 _c13416
_d13416